Nazwy własne psów myśliwskich
| Titel: | Nazwy własne psów myśliwskich : Przyczynek do dziejów polskiej kultury i leksykografii łowieckiej |
|---|---|
| Verfasser: | |
| In: |
Wrocławskie Towarzystwo Naukowe. Komisja Językowa: Rozprawy Komisji Językowej, Band 33 (2006), Seite 33-45 alle Artikel anzeigen |
| Veröffentlicht: | 2006 |
| Format: | Aufsatz |
| Sprache: | Polnisch |
X
alg: 39405904
001A $01999:12-11-16
001B $01999:29-05-21 $t17:41:38.000
001C $06050:19-11-16 $t08:50:36.000
001D $01999:12-11-16
001U $0utf8
001X $00
002@ $0Aox
003@ $0394059042
007A $0394059042 $aHEB
007T $0Herdk84422
010@ $apol
011@ $a2006
021A $aNazwy własne psów myśliwskich $dPrzyczynek do dziejów polskiej kultury i leksykografii łowieckiej
028A $aDynak $dWładysław
031A $d33 $h33-45 $j2006
039B $aIn $8--Abvc--Wrocławskie Towarzystwo Naukowe$bKomisja Językowa [Tb1]. Rozprawy Komisji Językowej. - Wrocław {[u.a.] : Państw. Wydawn. Naukowe, 1959-2015. - ISSN 0084-2990 $x200600000330000967 $9047286199
045F $a417.709438 $eDDC23BSB
045F/01 $a417.7
045F/03 $g438
045T $a7,11 $a7,39
045T $aLING $qDE-30 $2FID
lok: 39405904 78
exp: 39405904 78 1 #EPN
201B/01 $018-11-16 $t10:29:53.000
201U/01 $0utf8
203@/01 $0790169568
208@/01 $a12-11-16 $be
209A/01 $a/ $f000 $x00
220C/01 $aTitelaufnehmer: pbb
220C/01 $aHerkunft: PBB/IH PAN
244Z/01 $2Trx $#Poola $#Lenkija $#Polija $#Polen Land $#Poland $#Lengyelország $#Poľsko $#Polsko $8--Trx--Polska$gkraj $x01 $9391345966
244Z/01 $aGeschichte 1000-2005 $x02
244Z/01 $2Trx $#nimeteadus üldine $#onomastika bendras $#onomatology general $#névtan általános $#onomastyka ogólnie $#náuka o menách všeobecne $#onomastika všeobecně $#Onomastik $#onomastika $8--Trx--Namenkunde$gallgemein $x03 $9391356453
244Z/01 $2Trx $#jahindus $#medžioklė $#hunting $#vadászat $#łowiectwo $#lov $#lov $#myślistwo $8--Trx--Jagd $x04 $9391357298
244Z/01 $2Trx $#fauna $#fauna $#Fauna $#fauna $#fauna $#fauna $#fauna $#Tierwelt $8--Trx--Fauna $x05 $9391379399
244Z/01 $2Trx $8--Trx--Zeitschriftenaufsatz $x06 $9391384341
245Z/01 $a11.07 $x01
247C/01 $82080>Marburg/Lahn, Herder-Institut, Forschungsbibliothek, Bibliographieportal $9336309341
| LEADER | 00000caa a22000002c 4500 | ||
|---|---|---|---|
| 001 | 394059042 | ||
| 003 | DE-603 | ||
| 005 | 20210529174138.0 | ||
| 007 | tu | ||
| 008 | 161112s2006 xx |||| | u00||u|pol c | ||
| 035 | |a (DE-599)HEB394059042 | ||
| 040 | |a DE-603 |b ger |c DE-603 |d DE-603 | ||
| 041 | |a pol | ||
| 082 | 0 | 4 | |8 1\u |a 417.709438 |q DE-101 |2 23/BSB |
| 084 | |a 7,11 |a 7,39 |2 ssgn | ||
| 084 | |a LING |q DE-30 |2 fid | ||
| 085 | |8 1\u |b 417.7 | ||
| 085 | |8 1\u |z 2 |s 438 | ||
| 100 | 1 | |a Dynak, Władysław | |
| 245 | 0 | 0 | |a Nazwy własne psów myśliwskich |b Przyczynek do dziejów polskiej kultury i leksykografii łowieckiej |
| 264 | 0 | |c 2006 | |
| 773 | 0 | 8 | |i In |a Wrocławskie Towarzystwo Naukowe. Komisja Językowa |t Rozprawy Komisji Językowej |d Wrocław [u.a.] : Państw. Wydawn. Naukowe, 1959-2015 |x 0084-2990 |g Band 33 (2006), Seite 33-45 |w (DE-603)047286199 |w (DE-600)205639-2 |
| 924 | 0 | |9 2080 |a (DE-603)790169568 |b DE-2080 |c HES |d d |g / | |


